| 000 -LEADER |
| fixed length control field |
01411pab a2200229 454500 |
| 008 - FIXED-LENGTH DATA ELEMENTS--GENERAL INFORMATION |
| fixed length control field |
180718b2017 xxu||||| |||| 00| 0 eng d |
| 100 ## - MAIN ENTRY--PERSONAL NAME |
| Personal name |
Molin, Martina Dal |
| 245 ## - TITLE STATEMENT |
| Title |
New public management reforms in the Italian universities: managerial tools, accountability mechanisms or simply compliance? |
| 260 ## - PUBLICATION, DISTRIBUTION, ETC. |
| Date of publication, distribution, etc. |
2017 |
| 300 ## - PHYSICAL DESCRIPTION |
| Extent |
p.256-269. |
| 362 ## - DATES OF PUBLICATION AND/OR SEQUENTIAL DESIGNATION |
| Dates of publication and/or sequential designation |
Feb |
| 520 ## - SUMMARY, ETC. |
| Summary, etc. |
Since 2009, a cross-sectorial reform based on the New Public Management (NPM) principles introduced a performance management system in Italian universities. On the basis of the analysis of the documents regarding the performance management system produced by 60 public Italian universities as a result of the reform implementation, the paper investigates the performance management tools in relation to both completeness and use of them. The analysis highlights that the universities have implemented performance management tools in an unstructured and nonhomogeneous way. This allows formulation of hypotheses on the main determinants of this unsatisfactory result. - Reproduced. |
| 650 ## - SUBJECT ADDED ENTRY--TOPICAL TERM |
| Topical term or geographic name entry element |
Performance appraisal - Italy |
| 650 ## - SUBJECT ADDED ENTRY--TOPICAL TERM |
| Topical term or geographic name entry element |
Higher education - Italy |
| 650 ## - SUBJECT ADDED ENTRY--TOPICAL TERM |
| Topical term or geographic name entry element |
Universities - Italy |
| 650 ## - SUBJECT ADDED ENTRY--TOPICAL TERM |
| Topical term or geographic name entry element |
Administrative reform - Italy |
| 650 ## - SUBJECT ADDED ENTRY--TOPICAL TERM |
| Topical term or geographic name entry element |
Administrative reform |
| 700 ## - ADDED ENTRY--PERSONAL NAME |
| Personal name |
Agasisti, Tommaso |
| 700 ## - ADDED ENTRY--PERSONAL NAME |
| Personal name |
Turri, Mateo |
| 773 ## - HOST ITEM ENTRY |
| Main entry heading |
International Journal of Public Administration |
| 909 ## - |
| -- |
115318 |